Word Ladder: Walk on 'Water' Quiz Stats

 Plays Quiz Updated Dec 2, 2018

     
Support Sporcle.
Go Orange.
Score 0/43 Timer 06:00
0 Plays Today
Clue 5-Letter Word % Correct
Bottom of a roomFLOOR
92.5%
Fair-hairedBLOND
90.7%
Lacking tasteBLAND
89.9%
Reddish transfusion fluidBLOOD
89%
🌊 _____WATER: Overflow that submerges, usually dry, land 🌊FLOOD
88.7%
Edible part of fruitFLESH
88.3%
Something eaten toasted and butteredBREAD
88.2%
Sudden outburst of lightFLASH
87.8%
🌊 _____ WATER: Term that excludes seawater and brackish water 🌊FRESH
87%
Finely ground grainFLOUR
87%
One of the cardinal sinsGREED
86.4%
Receive at the doorGREET
85.8%
Kennel club classificationBREED
85.8%
Of considerable size; better than goodGREAT
85.6%
Hands for a crabCLAWS
84.4%
Lay's productCHIPS
83.9%
Film snippetsCLIPS
83.8%
Gives audible approvalCLAPS
82.9%
Sizable maritime vesselsSHIPS
82.4%
Parade componentFLOAT
81.9%
Frog's output; kick the bucketCROAK
81.3%
Filming session; fire a gunSHOOT
81%
Clue 5-Letter Word % Correct
Squeaky hinge noiseCREAK
80.9%
Hooch holderFLASK
80.7%
🌊 WATER _____: Scuba Diving or Water Polo, e.g. 🌊SPORT
79.8%
Tries to get a cat to leaveSHOOS
79.7%
Devoid of text; not decoratedBLANK
79.6%
🌊 _____WATER: Structure for protecting a beach or harbor 🌊BREAK
79.1%
🌊 WATER _____: Footwear used for activities where the feet are likely to become wet, such as kayaking 🌊SHOES
79%
Vampire repellerCROSS
77.6%
Show disregard forFLOUT
77.3%
🌊 WATER_____: Round-leaved plant, often used in salads 🌊CRESS
76.7%
Toot one's own hornGLOAT
74.9%
US press agent; singer RobertaFLACK
74.9%
Branded colorful footwearCROCS
74.8%
🌊 WATER_____: Funnel-shaped cloud over a body of water 🌊SPOUT
74.2%
Cry loudlySHOUT
73.5%
Lot of baloneyCROCK
72.3%
🌊 _____WATER: Liquid waste from coal preparation 🌊BLACK
72.2%
English silver fourpenceGROAT
71.2%
Jumps sidewaysSHIES
68.9%
Where birds store their food?CRAWS
68%
Regatta teamsCREWS
67.9%

Today's Daily Dose

Missing Word
Brands of Alcohol

Word Ladder
A Little Room?

Get the Picture
SpongeBob Rivalry

From the Vault

The Godfather Wedding Photo

by zalkon2004

Movies 4m
"Some day, and that day may never come, I will call upon you to do a service for me. But until that day, consider this justice a gift on my daughter's wedding day."
Remove Ads.
Support Sporcle.
Get the best of Sporcle when you Go Orange. This ad-free experience offers more features, more stats, and more fun while also helping to support Sporcle. Thank you for becoming a member.

Show Comments

Extras

Top Quizzes Today


Score Distribution

Your Account Isn't Verified!

In order to create a playlist on Sporcle, you need to verify the email address you used during registration. Go to your Sporcle Settings to finish the process.

Report this User

Report this user for behavior that violates our Community Guidelines.

Details: